Všetky náboženstvá chcú vlastne jedno a to isté Meditácia k štedrovečernému stolu

Bibliographic Details
Main Author: Bednár, Roman, 1942- (Author)
Format: Article
Language:Slovak
PhysicalDescription:Fotogr. 1
Subjects:

MARC

LEADER 00000nab a2200000 a 4500
001 vtls000505163
003 SK-MaSNL
005 20260303003154.0
008 120927c1993 xo 0 slo
015 |a SNBRB19rr/mm-uuuuu 
035 |a CL0505301 
040 |a SNKBUCL  |b slo  |c SNKBUCL  |e AACR2 
041 0 |a slo 
044 |a xo  |c SK 
080 |a 241:264-041.2  |2 1981 
080 |a 264-041.2  |2 1981 
080 |a 398.332.41  |2 1981 
100 1 |a Bednár, Roman,  |d 1942-  |4 aut  |9 102042 
245 1 0 |a Všetky náboženstvá chcú vlastne jedno a to isté  |b Meditácia k štedrovečernému stolu  |c Roman Bednár 
300 |b Fotogr. 1 
650 0 7 |a kresťanská morálka  |2 snkbucl  |9 4269 
650 0 7 |a hodnoty duchovné  |2 snkbucl  |9 839274 
650 0 7 |a Vianoce  |2 snkbucl  |9 3412 
655 7 |a články z novín a časopisov  |2 snkbucl  |9 267496 
773 0 |t Mosty  |g Roč. 2, č. 51 (1993), s. 11 
850 |a Slovenská národná knižnica v Martine  |a MTA001 
852 |a SNK  |b KIS3GCP 
958 |a RK 
992 |a RBX 
999 |c 1571471  |d 1573401